[Event "Charleroi op"]
[Site "Charleroi"]
[Date "2015.08.03"]
[Round "3"]
[White "Soors, Stef"]
[Black "Haulotte, Francois"]
[Result "1-0"]
[WhiteElo "2407"]
[BlackElo "1688"]
[PlyCount "43"]
[EventDate "2015.08.01"]
[EventType "swiss"]
[EventRounds "9"]
[EventCountry "BEL"]
[SourceTitle "CBM 167 Extra"]
[Source "ChessBase"]
[SourceDate "2015.09.14"]
[SourceVersion "1"]
[SourceVersionDate "2015.09.14"]
[SourceQuality "1"]

1. e4 c5 2. c3 Qa5 3. Nf3 Nc6 4. g3 Nf6 5. Qe2 d6 6. Bg2 e6 7. 0-0 Be7 8. Rd1 Rb8 9. e5 Nd7 10. exd6 Bxd6 11. Na3 b5 12. Ng5 Ne7 13. d4 cxd4 14. Nc2 Nf6 15. Nxd4 0-0 16. Ndxe6 Re8 17. Rxd6 h6 18. b4 Qa4 19. Nc5 Nf5 20. Qd3 Nxd6 21. Nxa4 hxg5 22. Bxg5 1-0